000 00249nam a2200109Ia 4500
008 190216s9999||||xx |||||||||||||| ||und||
100 _aJai Narayan Vaish
245 0 _aBook-Keeping And Accounts
260 _bNull
_c1982
300 _a360p
942 _cBK
999 _c4956
_d4956